000 00752nam a22002297a 4500
005 20131206123522.0
010 _aENG-108788
020 _a9781259028861
_c325.00
020 _a1259028860
_c325.00
035 _aEN-92321
037 _bDBAD/PUB
082 _a621.31042
100 _aFitzgerald, A.E.
245 _aProblems and solutions in electric machinery /
_cby A.E. Fitzerald , Charles Kingsley [and] Stephens D. Umans
260 _aNew Delhi
_bMcGraw-Hill Education
_c2013
270 _aP-24 Green Park Extension
_bNew Delhi
_e110016
300 _avarious pagings :
_bill.
_c24cm(pbk)
650 _a Electric machinery.
700 _aKingsley, Charles
700 _aUmans, Stephens D.
942 _2ddc
_cEN
_h621.31042
_mFIT
999 _c81086
_d81086